• 首页
  • 本馆介绍
  • 公告通知
  • 最新文献
  • 馆藏检索
  • 电子资源
  • 读者导购
  • 参考咨询
  • 我的图书馆
  • 登录
  • 详细信息显示
  • 放入我的书架
  • 预约/预借图书
  • 作者相关作品
  • 分类相关作品
  • 丛书相关作品
  • 出版社相关作品

书目信息

  • 表格格式
  • 工作单格式
  • 卡片格式
题名:
黄宏电影
    
 
作者: 黄宏 著
分册:  
出版信息: 北京   中国旅游出版社  2004
页数: 205页
开本: 21cm
丛书名:
单 册:
中图分类: I235.1 , J951.1
科图分类:
主题词: 电影文学剧本--中国--现代--选集 , 故事片--拍摄--中国--现代--资料 , 电影文学剧本 , 故事片 , 拍摄
电子资源:
ISBN: 7-5032-2409-6
000 00904nam0 2200289 450
001 002721236
005 20091202090750.43
010    @a7-5032-2409-6@dCNY22.00
100    @a20040802d2004 em y0chiy0110 ea
101 0  @achi
102    @aCN@b110000
105    @aa z 000by
106    @ar
200 1  @a黄宏电影@9huang hong dian ying@f黄宏著
210    @a北京@c中国旅游出版社@d2004
215    @a205页@c剧照@d21cm
330    @a本书记录了演员黄宏电影生涯的一些篇章,主要是《二十五个孩子一个爹》、《让我们记住》、《阳光天井》的导演阐述、主创介绍、电影文学剧本、拍摄花絮等内容。
606 0  @a电影文学剧本@y中国@z现代@j选集
606 0  @a故事片@x拍摄@y中国@z现代@j资料
606 0  @a电影文学剧本
606 0  @a故事片
606 0  @a拍摄
690    @aI235.1@v4
690    @aJ951.1@v4
701  0 @a黄宏@9huang hong@f(1960~)@4著
801  0 @aCN@bNLC@c20091202
905    @b794360-64@dI235.1@e180@f5
    
    黄宏电影/黄宏著.-北京:中国旅游出版社,2004
    205页:剧照;21cm
    
    
    ISBN 7-5032-2409-6:CNY22.00
    本书记录了演员黄宏电影生涯的一些篇章,主要是《二十五个孩子一个爹》、《让我们记住》、《阳光天井》的导演阐述、主创介绍、电影文学剧本、拍摄花絮等内容。
●
相关链接 在E读中查询图书 在五车中查询图书 在当当中查询图书 在豆瓣中查询图书


正题名:黄宏电影     索取号:I235.1/180         预约/预借

序号 登录号 条形码 馆藏地/架位号 状态 备注
1 794360   207943608   第一样本阅览室/ [索取号:I235.1/180] 在馆    
2 794361   207943617   第二借阅区/ [索取号:I235.1/180] 在馆    
3 794362   207943626   第二借阅区/ [索取号:I235.1/180] 在馆    
4 794363   207943635   第二借阅区/ [索取号:I235.1/180] 在馆    
5 794364   207943644   第二借阅区/ [索取号:I235.1/180] 在馆    
唐山师范学院图书馆 欢迎您!
大连网信软件有限公司© 版权所有